000 00487nam a2200181Ia 4500
008 230718s9999 xx 000 0 und d
020 _a9788121914314
041 _aeng
082 _a604.2
_bDHA
100 _aDhawan R.K.
245 _aTextbook Of Engineering Drawing
_bIn First Angle Projection
250 _aRev ed.
260 _c2014
_bS.Chand
300 _a673
365 _cRs.
_b525.00
700 _aDhawan R.K.
906 _dO:0372601-Feb-2017B:373701-Feb-2017
_cBSHB
_b157.5
999 _c344293
_d344293